Irodalom - társadalmi-politikai erőtérben /

Uložené v:
Podrobná bibliografia
Hlavný autor: Kiss, József, 1944- (Author)
Médium: Kniha
Jazyk:Hungarian
Vydané: Dunajská Streda : Nap Kiadó, 2004
Vydanie:[1. vyd.]
Témy:
ISBN: 8089032419 (brož.)
Fyzický popis: 118 s. ; 21 cm
Tagy: Pridať tag
Žiadne tagy, Buďte prvý kto otaguje tento záznam!

MARC

LEADER 00000nam a2200000 a 4500
001 000000596
005 20040614142013.0
008 040614s2004 xo e 000 0 huno
020 |a 8089032419 (brož.) 
040 |a SVKKK  |b slo  |c SVKKK  |e AACR2 
041 0 |a hun 
044 |a xo  |c SK 
072 7 |a 82  |x Literatúra. Literárny život  |2 konspekt 
080 |a 82+316.3  |2 1997 
080 |a 82+32  |2 1997 
080 |a (048.8)  |2 1997 
100 1 |a Kiss, József,  |d 1944-  |4 aut 
245 1 0 |a Irodalom - társadalmi-politikai erőtérben /  |c Kiss József 
250 |a [1. vyd.] 
260 |a Dunajská Streda :  |b Nap Kiadó,  |c 2004 
300 |a 118 s. ;  |c 21 cm 
650 0 7 |a literatúra a spoločnosť  |2 SVKKKPH 
650 0 7 |a literatúra a politika  |2 SVKKKPH 
655 7 |a štúdie  |2 SVKKKPH 
655 7 |a príručky  |2 SVKKKPH 
919 |a 80-89032-41-9 
998 |a BK 
090 |g SCKHL  |k Sklad Pribinova 2. posch.  |a III.196337  |j 960029  |i 2720021083  |s Absenčne 
090 |g SCKHL  |k Sklad Pribinova 2. posch.  |a III.196339  |j 960032  |i 2720021086  |s Absenčne